[Event "Samara Polugaevsky Memorial 7th"]
[Site "Samara"]
[Date "2017.07.16"]
[Round "9"]
[White "Tukaeva, Aida"]
[Black "Chistyakova, Daria"]
[Result "0-1"]
[WhiteElo "1561"]
[BlackElo "1844"]
[PlyCount "54"]
[EventDate "2017.07.08"]
[EventType "swiss"]
[EventRounds "9"]
[EventCountry "RUS"]
[SourceTitle "EXT 2018"]
[Source "ChessBase"]
[SourceDate "2017.10.13"]
[SourceVersion "1"]
[SourceVersionDate "2017.10.13"]
[SourceQuality "1"]

1. e4 e5 2. Nf3 Nc6 3. d4 exd4 4. Nxd4 Nf6 5. Nc3 Bc5 6. Be3 Bb6 7. Nf5 0-0 8. Bxb6 axb6 9. Qf3 d6 10. g4 Bxf5 11. gxf5 Nd4 12. Qd3 c5 13. Bg2 Re8 14. Kd2 Nh5 15. Rag1 Qh4 16. Qf1 Nf4 17. a3 b5 18. f3 b4 19. Nb1 Qh6 20. Kd1 Nfe2 21. f4 Nxg1 22. Rxg1 d5 23. e5 Qh5+ 24. Kd2 Qxf5 25. Qd3 Qxf4+ 26. Kd1 Qg4+ 27. Kd2 Rxe5 0-1

[Event "Nezhmetdinov Memorial 39th"]
[Site "Kazan"]
[Date "2017.06.07"]
[Round "8"]
[White "Chubakov, Sultan"]
[Black "Tukaeva, Aida"]
[Result "1/2-1/2"]
[WhiteElo "1464"]
[BlackElo "1852"]
[PlyCount "82"]
[EventDate "2017.05.31"]
[EventType "swiss"]
[EventRounds "9"]
[EventCountry "RUS"]
[SourceTitle "EXT 2018"]
[Source "ChessBase"]
[SourceDate "2017.10.13"]
[SourceVersion "1"]
[SourceVersionDate "2017.10.13"]
[SourceQuality "1"]

1. d4 Nf6 2. c4 e6 3. g3 d5 4. Nf3 Be7 5. Bg2 0-0 6. 0-0 Nbd7 7. Nbd2 Re8 8. Qc2 Bf8 9. b3 a5 10. e4 dxe4 11. Nxe4 h6 12. Rd1 a4 13. Bf4 g6 14. Ne5 Bg7 15. Rac1 Nh5 16. Be3 axb3 17. axb3 Qe7 18. f4 Nhf6 19. Ra1 Rxa1 20. Rxa1 Nxe5 21. Nxf6+ Bxf6 22. dxe5 Bg7 23. c5 c6 24. Rd1 Qc7 25. b4 Kh7 26. Be4 Rd8 27. Rd3 Rxd3 28. Qxd3 Qd7 29. Qd6 Kg8 30. b5 Qxd6 31. exd6 Bd7 32. Bxc6 Bxc6 33. bxc6 bxc6 34. Kf2 Kf8 35. Ke2 f6 36. g4 g5 37. f5 exf5 38. gxf5 h5 39. Kd3 Ke8 40. Kc4 Kd7 41. Kd4 Bf8 1/2-1/2

[Event "Nezhmetdinov Memorial 39th"]
[Site "Kazan"]
[Date "2017.06.03"]
[Round "4"]
[White "Tukaeva, Aida"]
[Black "Nikolaeva, Ksenya"]
[Result "0-1"]
[WhiteElo "1852"]
[BlackElo "1743"]
[PlyCount "104"]
[EventDate "2017.05.31"]
[EventType "swiss"]
[EventRounds "9"]
[EventCountry "RUS"]
[SourceTitle "EXT 2018"]
[Source "ChessBase"]
[SourceDate "2017.10.13"]
[SourceVersion "1"]
[SourceVersionDate "2017.10.13"]
[SourceQuality "1"]

1. e4 c5 2. Nf3 e6 3. c3 d5 4. exd5 Qxd5 5. d4 Nf6 6. h3 Nc6 7. Be3 cxd4 8. Nxd4 Nxd4 9. Qxd4 Bd7 10. Nd2 b6 11. Nf3 Qb7 12. Qe5 Nd5 13. Bd4 Ne7 14. Qf4 Nf5 15. Ne5 Bd6 16. Qf3 Qxf3 17. Nxf3 Bc6 18. 0-0-0 Bxf3 19. gxf3 Nxd4 20. Rxd4 Rd8 21. Bb5+ Ke7 22. Ra4 a5 23. a3 Bc5 24. Rf1 Rd5 25. c4 Rh5 26. b4 axb4 27. axb4 Bd4 28. Ra7+ Kf6 29. Rd7 Bc3 30. Rb7 Bxb4 31. Rxb6 Rxh3 32. Bc6 Ba3+ 33. Kd2 Rc8 34. Ke2 h5 35. Bb5 Rc5 36. Rb1 Re5+ 37. Kd2 Rxf3 38. Rf1 Bb4+ 39. Kd1 Bc5 40. Rc6 Rxf2 41. Rh1 Bb4 42. Ra6 Ree2 43. Ra4 Rd2+ 44. Kc1 Rc2+ 45. Kb1 Rb2+ 46. Kc1 Bc5 47. Ra1 Bd4 48. Ra3 Rxb5 49. cxb5 Bb2+ 50. Kd1 Bxa3 51. Rxh5 Rb2 52. Ke1 Bd6 0-1

[Event "RUS-chT U14 Girls"]
[Site "Sochi"]
[Date "2017.05.10"]
[Round "7.2"]
[White "Tukaeva, Aida"]
[Black "Mironenko, Galina"]
[Result "0-1"]
[WhiteElo "1852"]
[BlackElo "1949"]
[PlyCount "138"]
[EventDate "2017.05.01"]
[EventType "team-tourn"]
[EventRounds "7"]
[EventCountry "RUS"]
[SourceTitle "CBM 178 Extra"]
[Source "ChessBase"]
[SourceDate "2017.06.22"]
[SourceVersion "1"]
[SourceVersionDate "2017.06.22"]
[SourceQuality "1"]

1. d4 Nc6 2. Nf3 d5 3. Bf4 Bg4 4. e3 a6 5. a3 Nf6 6. Be2 e6 7. Nbd2 Bd6 8. Bg3 0-0 9. 0-0 Ne7 10. c4 b6 11. Rc1 c5 12. dxc5 bxc5 13. Nb3 Bxf3 14. gxf3 Rb8 15. Qc2 Bxg3 16. hxg3 Qb6 17. Bd1 Rfc8 18. Kg2 Ng6 19. Rh1 Ne5 20. cxd5 c4 21. Nd4 exd5 22. Rb1 c3 23. b3 Nc4 24. Ra1 Nd6 25. g4 g6 26. f4 Nb5 27. Nxb5 Qxb5 28. f5 Ne4 29. f3 Nd2 30. f6 Qxb3 31. Qd3 Qb6 32. Bc2 Qxf6 33. f4 Qe6 34. Rh4 Qe4+ 35. Qxe4 Nxe4 36. Bxe4 dxe4 37. Rhh1 Rb2+ 38. Kg3 Rd8 39. Rac1 Rd3 40. Rhe1 Ra2 41. f5 g5 42. Rb1 Rb2 43. Rbc1 Rdd2 44. Rg1 c2 45. Rg2 Rd3 46. Rgxc2 Rxe3+ 47. Kg2 Re2+ 48. Rxe2 Rxe2+ 49. Kf1 Re3 50. Rc4 Rxa3 51. Rxe4 Kg7 52. Ke2 Ra2+ 53. Kd3 a5 54. Kc3 a4 55. Kb4 a3 56. Kb3 Ra1 57. Re3 Rg1 58. Re4 Rg3+ 59. Ka2 Rf3 60. Ka1 Rf4 61. Re3 Rxg4 62. Rxa3 Rf4 63. Ra5 h5 64. Kb1 h4 65. Kc1 h3 66. Ra2 Rxf5 67. Rh2 g4 68. Kd1 Kg6 69. Ke2 Kg5 0-1

[Event "RUS-chT U14 Girls"]
[Site "Sochi"]
[Date "2017.05.01"]
[Round "1.3"]
[White "Strukova, Ksenia"]
[Black "Tukaeva, Aida"]
[Result "1-0"]
[WhiteElo "1762"]
[BlackElo "1852"]
[PlyCount "77"]
[EventDate "2017.05.01"]
[EventType "team-tourn"]
[EventRounds "7"]
[EventCountry "RUS"]
[SourceTitle "CBM 178 Extra"]
[Source "ChessBase"]
[SourceDate "2017.06.22"]
[SourceVersion "1"]
[SourceVersionDate "2017.06.22"]
[SourceQuality "1"]

1. e4 d6 2. d4 Nf6 3. Nc3 c6 4. f4 Qa5 5. Bd3 e5 6. Nf3 Bg4 7. dxe5 dxe5 8. f5 Nbd7 9. h3 Bxf3 10. Qxf3 0-0-0 11. 0-0 Bc5+ 12. Kh2 g6 13. Bc4 Ne8 14. Bxf7 Nd6 15. fxg6 hxg6 16. Qg4 Rdf8 17. Qxg6 Rhg8 18. Qxg8 Rxg8 19. Bxg8 Qd8 20. Be6 Qh4 21. Bg4 Bf2 22. Kh1 Bd4 23. Bd2 Kc7 24. Be1 Qg5 25. Bf3 Nf6 26. Rd1 Bxc3 27. Bxc3 Nfxe4 28. Bxe4 Nxe4 29. Ba5+ b6 30. Rf7+ Kc8 31. Be1 Nc5 32. Bc3 Qg6 33. Rdf1 Ne6 34. R1f6 Qg8 35. Bxe5 Kd8 36. Rxa7 Qg5 37. Rxe6 Qc1+ 38. Kh2 Qxc2 39. Bf6+ 1-0

[Event "Moscow op-B (Women) 13th"]
[Site "Moscow"]
[Date "2017.02.03"]
[Round "7"]
[White "Tukaeva, Aida"]
[Black "Girshgorn, Maria"]
[Result "1/2-1/2"]
[WhiteElo "1701"]
[BlackElo "1823"]
[PlyCount "102"]
[EventDate "2017.01.28"]
[EventType "swiss"]
[EventRounds "9"]
[EventCountry "RUS"]
[SourceTitle "EXT 2018"]
[Source "ChessBase"]
[SourceDate "2017.10.13"]
[SourceVersion "1"]
[SourceVersionDate "2017.10.13"]
[SourceQuality "1"]

1. e4 c6 2. d4 d5 3. e5 Bf5 4. g4 Bd7 5. f4 e6 6. Nf3 c5 7. c3 Nc6 8. a3 Qa5 9. Be3 cxd4 10. Bxd4 Nxd4 11. Nxd4 Ne7 12. Nd2 Ng6 13. Qf3 Be7 14. Bd3 Bh4+ 15. Kf1 Qb6 16. Rb1 0-0-0 17. Qe3 f6 18. Bxg6 hxg6 19. N2f3 Rdf8 20. Kg2 Qd8 21. Rhc1 Kb8 22. c4 dxc4 23. Rxc4 g5 24. f5 exf5 25. e6 f4 26. Qe4 Qe8 27. Rb4 Bc8 28. Qd5 Ka8 29. Nb5 Qe7 30. Ra4 Rd8 31. Qc4 Kb8 32. Rxa7 Bxe6 33. Qe4 Qd7 34. Qa4 Qxb5 35. Ra8+ Kc7 36. Qxb5 Rxa8 37. Rc1+ Kb8 38. Qb6 Ra6 39. Qc7+ Ka7 40. Nd4 Bd5+ 41. Kg1 Ka8 42. Nb5 Bc6 43. Qxg7 Bxb5 44. Qxh8+ Ka7 45. Rc8 Rd6 46. Rd8 Rxd8 47. Qxd8 f3 48. Qa5+ Ba6 49. Qc5+ Ka8 50. Qf8+ Ka7 51. Qc5+ Ka8 1/2-1/2

[Event "Moscow op-B (Women) 13th"]
[Site "Moscow"]
[Date "2017.01.31"]
[Round "4"]
[White "Mamontova, Anastasia"]
[Black "Tukaeva, Aida"]
[Result "0-1"]
[WhiteElo "2046"]
[BlackElo "1701"]
[PlyCount "70"]
[EventDate "2017.01.28"]
[EventType "swiss"]
[EventRounds "9"]
[EventCountry "RUS"]
[SourceTitle "EXT 2018"]
[Source "ChessBase"]
[SourceDate "2017.10.13"]
[SourceVersion "1"]
[SourceVersionDate "2017.10.13"]
[SourceQuality "1"]

1. e4 d6 2. d4 Nf6 3. Bd3 e5 4. Nf3 Bg4 5. dxe5 dxe5 6. h3 Bxf3 7. Qxf3 Nc6 8. c3 h6 9. 0-0 Bd6 10. Qg3 g5 11. Nd2 Nh5 12. Qf3 Nf4 13. Bb5 Qd7 14. Nc4 0-0-0 15. Rd1 Qe8 16. Ne3 Kb8 17. Nf5 a6 18. Bxc6 Qxc6 19. Bxf4 gxf4 20. Rd5 Qe8 21. Rad1 Qe6 22. Qd3 Rhg8 23. c4 Qg6 24. Qf3 Qf6 25. Qh5 Rg5 26. Qe2 Rdg8 27. g3 fxg3 28. fxg3 Rxf5 29. exf5 Rxg3+ 30. Kh2 Qh4 31. Qf1 e4 32. Rxd6 cxd6 33. Rd4 Re3 34. b4 Qg3+ 35. Kh1 Re1 0-1

[Event "World School-ch U13 Girls"]
[Site "Sochi"]
[Date "2016.12.11"]
[Round "9"]
[White "Hajiyeva, Laman"]
[Black "Tukaeva, Aida"]
[Result "1/2-1/2"]
[WhiteElo "1818"]
[BlackElo "1618"]
[PlyCount "92"]
[EventDate "2016.12.03"]
[EventType "swiss"]
[EventRounds "9"]
[EventCountry "RUS"]
[SourceTitle "EXT 2018"]
[Source "ChessBase"]
[SourceDate "2017.10.13"]
[SourceVersion "1"]
[SourceVersionDate "2017.10.13"]
[SourceQuality "1"]

1. d4 Nf6 2. Nf3 e6 3. c4 b6 4. Bg5 Bb7 5. e3 h6 6. Bf4 Bb4+ 7. Nc3 Bxc3+ 8. bxc3 d6 9. Be2 Nh5 10. Bg3 Nxg3 11. hxg3 Nd7 12. 0-0 Nf6 13. Bd3 Qe7 14. Qc2 h5 15. e4 e5 16. Nh4 g6 17. f4 Ng4 18. Rae1 exf4 19. Qa4+ Kd8 20. Rxf4 g5 21. Nf5 Qd7 22. Qxd7+ Kxd7 23. Rff1 Raf8 24. Ne3 Nxe3 25. Rxe3 f6 26. e5 fxe5 27. Bf5+ Kd8 28. dxe5 dxe5 29. Rxe5 Rh6 30. c5 bxc5 31. Rxc5 Rd6 32. Rb5 Rd5 33. Rxb7 Rfxf5 34. Rxf5 Rxf5 35. Rxa7 Rd5 36. Ra4 Ke7 37. Re4+ Kd6 38. Rd4 Rxd4 39. cxd4 Kd5 40. Kf2 Kxd4 41. Ke2 Kc4 42. Kd2 Kb4 43. Kc2 Ka3 44. Kb1 c6 45. Ka1 c5 46. Kb1 Ka4 1/2-1/2

[Event "World School-ch U13 Girls"]
[Site "Sochi"]
[Date "2016.12.08"]
[Round "6"]
[White "Tukaeva, Aida"]
[Black "Khamroeva, Dilbar"]
[Result "1-0"]
[WhiteElo "1618"]
[BlackElo "1627"]
[PlyCount "55"]
[EventDate "2016.12.03"]
[EventType "swiss"]
[EventRounds "9"]
[EventCountry "RUS"]
[SourceTitle "EXT 2018"]
[Source "ChessBase"]
[SourceDate "2017.10.13"]
[SourceVersion "1"]
[SourceVersionDate "2017.10.13"]
[SourceQuality "1"]

1. e4 e6 2. d4 d5 3. Nc3 Bb4 4. e5 c5 5. Bd2 a6 6. a3 Bxc3 7. Bxc3 Nc6 8. Qg4 g6 9. Nf3 Qc7 10. dxc5 Nge7 11. Qf4 h6 12. Bd3 Bd7 13. b4 Rh7 14. h4 0-0-0 15. a4 g5 16. Qd2 Rg7 17. b5 Nb8 18. Ba5 Qxc5 19. Bxd8 Kxd8 20. hxg5 hxg5 21. Rh8+ Be8 22. Rb1 Qc7 23. bxa6 bxa6 24. Qb4 Nd7 25. Qd6 Qc3+ 26. Ke2 g4 27. Rb8+ Nc8 28. Nd4 1-0